=LDR 00000nam 2200000 4500 =001 INLIS000000000039754 =005 20190114091711 =035 ##$$a 0010-061300000039754 =008 190114###########################0#ind## =041 ##$$a Ind =082 ##$$a 813 =090 ##$$a 813, Fan c.3 =100 ##$$a Lan Fang =245 1#$$a Ciuman Di Bawah Hujan, /$c Eduard Iwan Mangopang =260 ##$$a Jakarta :$b gramedia,$c 2010 =300 ##$$a 359 hlm, ; $c 20 cm =850 ##$$a NBPNMAT =020 ##$$a 978-979-22-5528-7 =084 ##$$a 813 LAN c =710 ##$$a Eduard Iwan Mangopang =990 ##$$a 21111828 =990 ##$$a 21111826 =990 ##$$a 0001/BPAP-NTB/2016 =990 ##$$a 0001/BPAP-NTB/2016 =990 ##$$a 27.580 pb.2011 =990 ##$$a 21111828 =990 ##$$a 21111826 =990 ##$$a 0001/BPAP-NTB/2016